| 000 | 00491 a2200193 4500 | ||
|---|---|---|---|
| 999 |
_c534358 _d534358 |
||
| 003 | NUST | ||
| 005 | 20200217163350.0 | ||
| 008 | 200217b ||||| |||| 00| 0 eng d | ||
| 020 | _a9695190359 | ||
| 038 | _aMSOHAIL | ||
| 082 | _a297.09045 | ||
| 100 |
_aPasquier,Roger Du. _928496 |
||
| 245 |
_aUnveiling Islam. _cRoger Du Pasquier. |
||
| 250 | _a1st. | ||
| 260 |
_aLahore. _bSuhail Academy. _c2001. |
||
| 300 | _a168;p. | ||
| 500 | _aHardcover. | ||
| 942 |
_aNBS _cBK _k297.09045 PAS _2ddc |
||